The lord's first night : the myth of the droit de cuissage
Αποθηκεύτηκε σε:
| Κύριος συγγραφέας: | |
|---|---|
| Μορφή: | Βιβλίο |
| Γλώσσα: | English French |
| Δημοσίευση: |
Chicago :
University of Chicago Press,
1998.
|
| Θέματα: | |
| Ετικέτες: |
Προσθήκη ετικέτας
Δεν υπάρχουν, Καταχωρήστε ετικέτα πρώτοι!
|
MARC
| LEADER | 00000cam a2200000 i 4500 | ||
|---|---|---|---|
| 001 | 1/95172 | ||
| 008 | 081010s1998 ilu| ||| |||| ||eng|| | ||
| 020 | |a 0226067432 | ||
| 035 | |l 10100762 | ||
| 040 | |a GR-MyUA |b gre |e AACR2 | ||
| 041 | 1 | |a eng |h fre | |
| 082 | 0 | |a 392.5 |2 (22) | |
| 100 | 1 | |a Boureau, Alain. | |
| 245 | 1 | 4 | |a The lord's first night : |b the myth of the droit de cuissage / |c Alain Boureau ; translated by Lydia G. Cochrane. |
| 260 | |a Chicago : |b University of Chicago Press, |c 1998. | ||
| 300 | |a viii, 300 σ. ; |c 24 εκ. | ||
| 500 | |a Μετάφραση από τα γαλλικά | ||
| 500 | |a Τίτλος πρωτοτύπου: Le droit de ciussage. | ||
| 504 | |a Βιβλιογραφία: σ. [277]-288. | ||
| 504 | |a Ευρετήριο: σ. [289]-300. | ||
| 650 | 0 | 0 | |a Jus primae noctis. |
| 650 | 0 | 0 | |a Feudalism. |
| 650 | 0 | 0 | |a Sexual harassment |x History. |
| 852 | |a INST |b LESVOS |e 20081010 |h 392.5 BOU |p 005100043234 |q 005100043234 |t BK |y 0 | ||
| 901 | |a BIBL1-2008-3 | ||
| 909 | |a Λ |b 152089 | ||
| 922 | |a 1ΕΛΗ |b 200803 |c ΕΠΕΑΕΚ2/ΤΚΑ |d ΕΛΕΥΘΕΡΟΥΔΑΚΗΣ | ||
| 970 | |a ΚΑΡΑ |b ΓΙΑΣΕΜΗ |z 2008/10/10 | ||